Yugoslavian Cities - Sudden Death - Statistics

General Stats
  • This quiz has been taken 180 times
  • The average score is 11 of 20
Answers on the Grid
Answers color-coded by a green-red scale on the quiz's grid according to % correct below.
Banja Luka
Belgrade
Bitola
Bratislava
Brno
Burgas
Constanța
Craiova
Gdańsk
Koper
Košice
Kragujevac
Liberec
Ljubljana
Lublin
Maribor
Mostar
Niš
Nitra
Novi Sad
Osijek
Ostrava
Plzeň
Plovdiv
Poznań
Pristina
Rijeka
Sarajevo
Skopje
Sofia
Subotica
Titograd
Toruń
Trnava
Tuzla
Varaždin
Varna
Wrocław
Zagreb
Žilina
 
Answer Stats
Answer % Correct
Belgrade
89%
Banja Luka
80%
Ljubljana
66%
Zagreb
64%
Sarajevo
62%
Skopje
60%
Pristina
58%
Niš
56%
Novi Sad
56%
Mostar
55%
Rijeka
52%
Titograd
49%
Maribor
48%
Osijek
44%
Subotica
42%
Bitola
41%
Kragujevac
39%
Koper
38%
Tuzla
38%
Varaždin
35%
No matching quizzes found
Score Distribution
Percent of People with Each Score
Percentile by Number Answered
Your Score History
You have not taken this quiz